MARC details
| 000 -LEADER |
| fixed length control field |
00539cad a22001695a 4500 |
| 001 - CONTROL NUMBER |
| control field |
L149305 |
| 008 - FIXED-LENGTH DATA ELEMENTS--GENERAL INFORMATION |
| fixed length control field |
090720s2009 xxk 000 0 eng u |
| 035 ## - SYSTEM CONTROL NUMBER |
| System control number |
(Sirsi) u149305 |
| 041 0# - LANGUAGE CODE |
| Language code of text/sound track or separate title |
eng |
| 245 00 - TITLE STATEMENT |
| Remainder of title |
|
| Medium |
[electronic resource] |
| 260 ## - PUBLICATION, DISTRIBUTION, ETC. |
| Date of publication, distribution, etc. |
2010 |
| 490 #4 - SERIES STATEMENT |
| Series statement |
The Journal |
| -- |
RICS Building Surveying Journal |
| Volume/sequential designation |
March/April 2010, -() |
| 590 ## - LOCAL NOTE (RLIN) |
| Local note |
KA |
| 651 #4 - SUBJECT ADDED ENTRY--GEOGRAPHIC NAME |
| Geographic name |
United Kingdom |
| Chronological subdivision |
|
| 856 41 - ELECTRONIC LOCATION AND ACCESS |
| Uniform Resource Identifier |
<a href="https://www.rics.org/site/download_feed.aspx?fileID=5880&fileExtension=PDF">https://www.rics.org/site/download_feed.aspx?fileID=5880&fileExtension=PDF</a> |
| Public note |
View this item (member-only access) at www.rics.org |
| 942 ## - ADDED ENTRY ELEMENTS (KOHA) |
| Suppress in OPAC |
0 |